00957cam a2200289 a 45000010005000000030006000050050017000110080041000280100017000690200031000860200028001170200018001450400027001630500015001900820011002051000022002162450058002382600037002963000067003335050007004005200124004075210021005315210018005526500023005706500041005937000033006346443FISKH20250815121423.0110106s2011 caua b 000 1 eng c a 2010053591 a9780811878982 (alk. paper) a0811878988 (alk. paper) a9780545503952 aZQP/DLCcDLCdDLCbeng aPZ7.L592 E a813.6 1 aLichtenheld, Tom.10aE-mergency! /cTom Lichtenheld [&] Ezra Fields-Meyer. aNew York : bScholastic, c2011. a34 unnumbered pages : bcolor illustrations ; c21 x​ 26 cm  aJ  aThe letter E has fallen and injured herself-- which letters will replace her and how will words be spelled without her?8 a480 bLexile AD 8 aJ bRaz-Plus  1aAlphabetvFiction. 1aEnglish languagexSpellingvFiction.1 aFields-Meyer, Ezra.eAuthor